Modern transmission line theory and applications
Na minha lista:
| Autor principal: | |
|---|---|
| Formato: | Livro |
| Idioma: | inglês |
| Publicado em: |
Nueva York
John Wiley
1979
|
| Assuntos: | |
| Tags: |
Adicionar Tag
Sem tags, seja o primeiro a adicionar uma tag!
|
MARC
| LEADER | 00000nam a2200000 a 4500 | ||
|---|---|---|---|
| 001 | UCU5552 | ||
| 003 | CL-VaPUC | ||
| 008 | 960604e19790000US |||||||||||||||||eng|d | ||
| 082 | 0 | 4 | |a 621.319 |b DWO |2 21 |
| 100 | 0 | |a Dworsky, Lawrence N |e author |9 363537 | |
| 245 | 1 | 0 | |a Modern transmission line theory and applications |
| 300 | |a 236 p | ||
| 942 | |c BK | ||
| 945 | |d 19960604 00:00:00 |a cmena | ||
| 260 | |a Nueva York |b John Wiley |c 1979 | ||
| 650 | 7 | |a TRANSPORTE DE ENERGIA ELECTRICA |2 CL-VaPUC |9 359786 | |
| 650 | 0 | |a Ecuaciones lineales |9 342219 | |
| 650 | 7 | |a CORRIENTES ALTERNAS |2 CL-VaPUC |9 263344 | |
| 650 | 0 | |a Matrices |9 22 | |
| 650 | 0 | |a Circuitos eléctricos |9 260262 | |
| 650 | 0 | |a Transformaciones de Laplace |9 260072 | |
| 583 | |a last modification |c 19960604 00:00:00 |k Rodrigo Vera | ||
| 999 | |c 248850 |d 248848 | ||
| 952 | |0 0 |1 0 |4 0 |6 621_319000000000000_DWO_1979 |7 0 |8 A |9 265746 |a BIBING |b BIBING |d 2019-11-19 |i 1673319 |o 621.319 DWO 1979 |p 1673319 |r 2025-01-20 |w 2019-11-19 |y BK |k EIE | ||